Online
Catalog

Panfleto contra el todo / (Record no. 7273)

MARC details
000 -CABECERA
campo de control de longitud fija 00753cam a2200229 a 4500
001 - NÚMERO DE CONTROL
campo de control 000007492
005 - FECHA Y HORA DE LA ÚLTIMA TRANSACCIÓN
campo de control 20200929154205.0
008 - DATOS DE LONGITUD FIJA--INFORMACIÓN GENERAL
campo de control de longitud fija 780720s1982 sp b 001 e spa
020 ## - NÚMERO INTERNACIONAL ESTÁNDAR DEL LIBRO
Número Internacional Estándar del Libro 8420619000
040 ## - FUENTE DE LA CATALOGACIÓN
Centro catalogador/agencia de origen DO-SdBNP
Lengua de catalogación spa
Centro/agencia transcriptor DLC
Centro/agencia modificador BNGR
082 ## - NÚMERO DE LA CLASIFICACIÓN DECIMAL DEWEY
Número de clasificación 864.44
Número de documento/Ítem S266p
049 ## - FONDOS LOCALES (OCLC)
Fondos de biblioteca BNGR
100 1# - ENTRADA PRINCIPAL--NOMBRE DE PERSONA
Nombre de persona Savater, Fernando
Forma completa/desarrollada del nombre (Fernando Fernández-Savater Martín),
Fechas asociadas al nombre 1947-
9 (RLIN) 20811
245 10 - MENCIÓN DE TÍTULO
Título Panfleto contra el todo /
Mención de responsabilidad, etc. Fernando Savater.
260 ## - PUBLICACIÓN, DISTRIBUCIÓN, ETC.
Lugar de publicación, distribución, etc. Madrid :
Nombre del editor, distribuidor, etc. Alianza, ,
Fecha de publicación, distribución, etc. 1982.
300 ## - DESCRIPCIÓN FÍSICA
Extensión 200 p. ;
Dimensiones 18 cm.
490 0# - MENCIÓN DE SERIE
Mención de serie El libro de bolsillo
Designación de volumen o secuencia 900
Mención de serie Humanidades
650 #4 - PUNTO DE ACCESO ADICIONAL DE MATERIA--TÉRMINO DE MATERIA
Término de materia o nombre geográfico como elemento de entrada Ensayos españoles
9 (RLIN) 3095
650 #4 - PUNTO DE ACCESO ADICIONAL DE MATERIA--TÉRMINO DE MATERIA
Término de materia o nombre geográfico como elemento de entrada Literatura española
Subdivisión cronológica SIGLO XX
9 (RLIN) 3326
830 #0 - PUNTO DE ACCESO ADICIONAL DE SERIE-TÍTULO UNIFORME
Título uniforme El libro de bolsillo ;
Designación de volumen o secuencia 900
Nombre de parte o sección de la obra Humanidaes
9 (RLIN) 20812
910 ## - DATOS DE OPCIÓN DEL USUARIO (OCLC)
Datos de opción del usuario Catalogación derivada
Holdings
Estado de retiro Estado de pérdida Restricciones de uso No para préstamo Código de colección Localización permanente Ubicación/localización actual Ubicación en estantería Fecha de adquisición Número de inventario Total de préstamos Signatura topográfica completa Código de barras Fecha visto por última vez Precio válido a partir de Tipo de ítem Koha
    Préstamo interno   Monografías: Libros y Folletos General General En catalogación 08.09.2009 LF1   864.44 S266p 7492-10 25.06.2020 25.06.2020 Préstamo interno

Powered by Koha